[Event "Titled Tuesday intern op 23rd May Late"]
[Site "Chess.com INT"]
[Date "2023.05.23"]
[Round "11"]
[White "Ambartsumova, Karina"]
[Black "Ward, Noah"]
[Result "1-0"]
[WhiteElo "2393"]
[BlackElo "2097"]
[PlyCount "67"]
[EventDate "2023.05.23"]
[EventType "swiss (blitz)"]
[EventRounds "11"]
[EventCountry "USA"]
[SourceTitle "EXT 2024"]
[Source "ChessBase"]
[SourceDate "2023.10.10"]
[SourceVersion "1"]
[SourceVersionDate "2023.10.10"]
[SourceQuality "1"]

1. Nf3 d5 2. e3 Nf6 3. c4 c6 4. Nc3 e6 5. b3 Nbd7 6. Bb2 Bd6 7. Qc2 0-0 8. Be2 e5 9. cxd5 cxd5 10. Nb5 Bb8 11. Rc1 a6 12. Nc7 Ra7 13. Ba3 b5 14. Nxb5 axb5 15. Bxf8 Rc7 16. Qb2 Kxf8 17. Bxb5 e4 18. Nd4 Ne5 19. 0-0 Nfg4 20. h3 Qh4 21. Rxc7 Bxc7 22. Qa3+ Kg8 23. Qa8 Qd8 24. hxg4 Nxg4 25. g3 h5 26. Nc6 Qd6 27. Qxc8+ Kh7 28. Qf5+ g6 29. Qxf7+ Kh6 30. Ne7 Nxf2 31. Ng8+ Kg5 32. Qf4+ Qxf4 33. gxf4+ Kg4 34. Rxf2 1-0

[Event "Titled Tuesday intern op 16th May Late"]
[Site "Chess.com INT"]
[Date "2023.05.16"]
[Round "2"]
[White "Ward, Noah"]
[Black "Alexikov, Alexander"]
[Result "1-0"]
[WhiteElo "2097"]
[BlackElo "2209"]
[PlyCount "47"]
[EventDate "2023.05.16"]
[EventType "swiss (blitz)"]
[EventRounds "11"]
[EventCountry "USA"]
[SourceTitle "CBM 214 Extra"]
[Source "ChessBase"]
[SourceDate "2023.07.31"]
[SourceVersion "1"]
[SourceVersionDate "2023.07.31"]
[SourceQuality "1"]

1. d4 Nf6 2. Nc3 g6 3. e4 d6 4. f4 Bg7 5. Nf3 0-0 6. Be2 c5 7. dxc5 Qa5 8. 0-0 Qxc5+ 9. Kh1 Nc6 10. h3 Nh5 11. Qe1 e5 12. f5 gxf5 13. exf5 Bxf5 14. g4 Bxc2 15. gxh5 Kh8 16. h6 Bf6 17. Ng5 Bxg5 18. Bxg5 f5 19. Qh4 Rf7 20. Bh5 Rd7 21. Rg1 Rg7 22. Bf6 Kg8 23. Rxg7+ Kf8 24. Be7+ 1-0

[Event "Los Angeles 1000GM Inv 02"]
[Site "Los Angeles"]
[Date "2023.02.25"]
[Round "8"]
[White "Corrales Jimenez, Fidel"]
[Black "Ward, Noah"]
[Result "1/2-1/2"]
[WhiteElo "2487"]
[BlackElo "2148"]
[PlyCount "118"]
[EventDate "2023.02.22"]
[EventType "tourn"]
[EventRounds "9"]
[EventCountry "USA"]
[SourceTitle "CBM 213 Extra"]
[Source "ChessBase"]
[SourceDate "2023.05.31"]
[SourceVersion "1"]
[SourceVersionDate "2023.05.31"]
[SourceQuality "1"]

1. e4 c5 2. c3 Nf6 3. e5 Nd5 4. Nf3 Nc6 5. Bc4 Nb6 6. Bb3 c4 7. Bc2 d5 8. exd6 Qxd6 9. 0-0 Bg4 10. h3 Bh5 11. Re1 0-0-0 12. a4 Na5 13. Na3 Kb8 14. Be4 h6 15. d4 Qf6 16. g4 Bg6 17. Ne5 Qxe5 18. Bxg6 Qf6 19. Be4 e6 20. Qe2 Bd6 21. b4 cxb3 22. Qb5 Bxa3 23. Rxa3 Nbc4 24. Rxb3 Rd6 25. Rb4 Rb6 26. Qd7 Rc8 27. Rxb6 Nxb6 28. Qb5 Nbc4 29. g5 hxg5 30. Bxg5 a6 31. Qc5 Rxc5 32. Bxf6 Rh5 33. Be7 Rxh3 34. f3 Rh5 35. Kf2 b5 36. axb5 Rxb5 37. Rh1 f5 38. Bd3 Rb2+ 39. Kg3 Rd2 40. Bf1 Ne3 41. Bxa6 f4+ 42. Kh3 Rf2 43. Bd8 Rxf3+ 44. Kh4 Rg3 45. Kh5 Nf5 46. Bg5 Ka7 47. Bb5 f3 48. d5 g6+ 49. Kxg6 Ne7+ 50. Kh5 Nxd5 51. c4 Nc7 52. Ra1 f2 53. Bh4 Rf3 54. c5 Nxb5 55. Rxa5+ Kb7 56. Rxb5+ Kc6 57. Rb6+ Kxc5 58. Bxf2+ Rxf2 59. Rxe6 Rg2 1/2-1/2

[Event "North American op 32nd"]
[Site "Las Vegas"]
[Date "2022.12.28"]
[Round "5"]
[White "Kaplan, Avi Harrison"]
[Black "Ward, Noah"]
[Result "1-0"]
[WhiteElo "2046"]
[BlackElo "1848"]
[PlyCount "141"]
[EventDate "2022.12.26"]
[EventType "swiss"]
[EventRounds "9"]
[EventCountry "USA"]
[SourceTitle "CBM 211 Extra"]
[Source "ChessBase"]
[SourceDate "2023.01.31"]
[SourceVersion "1"]
[SourceVersionDate "2023.01.31"]
[SourceQuality "1"]

1. d4 d5 2. c4 c6 3. Nc3 Nf6 4. cxd5 cxd5 5. Bf4 Nc6 6. e3 a6 7. Be2 Bf5 8. Nf3 e6 9. Qb3 Nh5 10. Be5 Na5 11. Qa4+ Nc6 12. Qb3 Na5 13. Qa4+ Nc6 14. 0-0 Be7 15. h3 Nf6 16. Rac1 0-0 17. Bg3 Ne4 18. Nxe4 Bxe4 19. Ne1 Qb6 20. Nd3 Rfc8 21. Rfd1 Bf8 22. Rc3 Na5 23. Qc2 Nc4 24. Rc1 Qa7 25. b3 Na3 26. Qb2 Rxc3 27. Qxc3 Nb5 28. Qd2 Ba3 29. Rc2 Rd8 30. Bf3 Bf5 31. Bg4 Bg6 32. h4 h6 33. h5 Be4 34. Bf3 Bf5 35. Bh4 Re8 36. g4 Bh7 37. g5 hxg5 38. Bxg5 Bf5 39. Qd1 Qb8 40. h6 gxh6 41. Bxh6 Kh7 42. Bf4 Qd8 43. Kf1 Qh4 44. Ke2 Rg8 45. Bg3 Rxg3 46. fxg3 Qh2+ 47. Ke1 Qxg3+ 48. Kd2 Qh2+ 49. Qe2 Qg1 50. Qg2 Qb1 51. Qh1+ Qxh1 52. Bxh1 f6 53. Rc8 Nd6 54. Rc7+ Kh6 55. Nc5 Nb5 56. Rxb7 Bb4+ 57. Kc1 Ba3+ 58. Kd1 Nc3+ 59. Kd2 Nxa2 60. Nd3 a5 61. Ra7 Bxd3 62. Kxd3 Nb4+ 63. Ke2 Nc2 64. Rxa5 Bb4 65. Ra6 f5 66. Rc6 Na1 67. Rxe6+ Kg5 68. Bxd5 f4 69. Re5+ Kf6 70. exf4 Nc2 71. Kd3 1-0